| 000 | 00361nam a22001577a 4500 | ||
|---|---|---|---|
| 005 | 20170925143558.0 | ||
| 008 | 170919b xxu||||| |||| 00| 0 eng d | ||
| 020 | _a978-81-265-3741-9 | ||
| 041 | _aeng | ||
| 082 | _a660 | ||
| 100 |
_aThakur,Ramesh and Others _93960 |
||
| 245 | _aEngineering Chemistry | ||
| 260 |
_bWiley _c2012 |
||
| 300 | _a614 | ||
| 942 | _cBK | ||
| 999 |
_c5597 _d5595 |
||